[Event "Oberliga NRW 0203 II"]
[Site "Germany"]
[Date "2003.04.06"]
[Round "8.4"]
[White "Pinter, Erik"]
[Black "Hubert, Ralf"]
[Result "1-0"]
[WhiteElo "2323"]
[BlackElo "2347"]
[PlyCount "143"]
[EventDate "2002.10.06"]
[EventType "team"]
[EventRounds "9"]
[EventCountry "GER"]
[SourceTitle "EXT 2004"]
[Source "ChessBase"]
[SourceDate "2003.11.25"]
[SourceVersion "1"]
[SourceVersionDate "2003.11.25"]
[SourceQuality "1"]
[WhiteTeam "Lippstadt Turm"]
[BlackTeam "Solingen II"]
[WhiteTeamCountry "GER"]
[BlackTeamCountry "GER"]

1. e4 c5 2. Nf3 d6 3. d4 cxd4 4. Nxd4 Nf6 5. Nc3 g6 6. Be3 Bg7 7. f3 Nc6 8. Qd2 0-0 9. 0-0-0 d5 10. Kb1 Nxd4 11. e5 Nf5 12. exf6 exf6 13. Bc5 Be6 14. Bxf8 Qxf8 15. Nb5 Bh6 16. f4 Rc8 17. Nd4 Qd6 18. g3 Qb6 19. Bg2 Bf8 20. Ka1 Nxd4 21. Qxd4 Bc5 22. Qa4 d4 23. h4 Rd8 24. h5 Bd7 25. Qb3 Qxb3 26. axb3 Bg4 27. Rd2 Bxh5 28. Bxb7 Bg4 29. Bc6 Kg7 30. Bb5 Bf3 31. Rf1 Be4 32. Bd3 f5 33. Re2 Re8 34. Rc1 Re6 35. Rd2 h5 36. Bc4 Re8 37. b4 Bb6 38. Re1 h4 39. gxh4 Rh8 40. Rh2 Bc7 41. Ree2 Bb6 42. Bd3 Bd5 43. c4 Be6 44. Rh1 Bc7 45. Rf2 Bd8 46. b3 Bc8 47. Ra2 Bb7 48. Rh3 Re8 49. Rxa7 Re1+ 50. Kb2 Bg2 51. Rg3 Be4 52. h5 Bh4 53. Rh3 g5 54. fxg5 Bxg5 55. Rg3 Kh6 56. Rxf7 Bd2 57. Bxe4 fxe4 58. Rf8 Bc1+ 59. Ka2 Re2+ 60. Kb1 Bg5 61. Rh8+ Kg7 62. Rd8 Re1+ 63. Kb2 Kf6 64. Rxd4 Bf4 65. Rg6+ Kf5 66. Rd5+ Be5+ 67. Kc2 Ra1 68. Rg8 Ra2+ 69. Kd1 Kf4 70. Rf8+ Ke3 71. Rxe5 Kd3 72. Rd8+ 1-0